| 000 | 01191nam0a22002891 4500 | ||
|---|---|---|---|
| 001 | rc\221320 | ||
| 005 | 20030307115720.5 | ||
| 010 |
_a5-86708-059-5 _92000 |
||
| 035 | _a(NLR Aleph) 005475857 | ||
| 090 |
_a5086732 _c5086732 |
||
| 100 | _a20030307d1995 u |0rusy50 ca | ||
| 101 | 0 | _arus | |
| 102 | _aRU | ||
| 105 | _ay ||||||||| | ||
| 200 | 1 |
_aЭтничность. Национальные движения. Социальная практика _eСб. ст. _f[Науч. ред. В. Дресслер-Холохан (Франция), Н.Г. Скворцов, К.Н. Хабибуллин (Россия)] |
|
| 210 |
_aСПб. _cТК "Петрополис" _d1995 |
||
| 215 |
_a329, [6] с. _d22 |
||
| 300 | _aРез. ст.: англ. | ||
| 320 | _aБиблиогр. в примеч. в конце ст. | ||
| 320 | _aНа тит. л.: Гос. прогр. "Народы России: возрождение и развитие" | ||
| 702 | 1 |
_aДресслер-Холохан _bВ. _4340 |
|
| 702 | 1 |
_aСкворцов _bН. Г. _gНиколай Генрихович _4340 |
|
| 801 | 0 |
_aRU _bNLR _gpsbo |
|
| 801 | 1 |
_aRU _bELAR _2rusmarc |
|
| 852 |
_aNLR _j95-5/2549 |
||
| 942 | _cBOOK | ||
| 980 | _aNB | ||